Gaming Quiz

Random Gaming Quiz

Video Game Cryptograms Quiz Stats

 Plays Quiz not verified by Sporcle

Challenge
Share
Tweet
Embed
Score 0/30 Timer 12:00
0 Plays Today
OKES GAME % Correct
GGGGGGVVVVVV
86.5%
ATYOPong
68.3%
WRASU EKUDT FUTWSuper Mario Bros
68.3%
LSLUDWTetris
67.1%
WRASU EKUDT PTUZMSuper Mario World
66.9%
KMGKYVS PKUWAdvance Wars
66.2%
ESOK EKY JMega Man X
66%
BDYKZ BKYLKWN JFinal Fantasy X
66%
BKZZTRLFallout
65.4%
OTM TB PKUGod Of War
65.4%
ATULKZPortal
65.2%
WRASU ESLUTDMSuper Metroid
65.2%
WDE VDLNSim City
64.4%
BDYKZ BKYLKWN LKVLDVWFinal Fantasy Tactics
63.7%
MDKFZTDiablo
63.5%
OKES GAME % Correct
FRFFZS FTFFZSBubble Bobble
63.3%
ESLKZ OSKU WTZDMMetal Gear Solid
62.5%
WDZSYL QDZZSilent Hill
62.4%
BDUS SEFZSE Fire Emblem
62.2%
USWDMSYL SGDZResident Evil
62%
LQS TUSOTY LUKDZThe Oregon Trail
61.8%
VKWLZSGKYDKCastlevania
60.1%
MSGDZ EKN VUNDevil May Cry
60.1%
SKULQFTRYMEarthbound
59.5%
WQKMTP TB LQS VTZTWWRWShadow Of The Colossus
59.5%
VQUTYT LUDOOSUChrono Trigger
58.4%
ATISETY FZRSPokemon Blue
58.2%
FUKGSZN MSBKRZLBravely Default
58.2%
LPDWLSM ESLKZ FZKVITwisted Metal Black
54.8%
IDYOMTE QSKULWKingdom Hearts
54.8%

You're not logged in!

Compare scores with friends on all Sporcle quizzes.
OR
Log In

You Might Also Like...

Show Comments

Extras

Editor's Pick Apr 22, 2014ReportNominate
Tags:cryptogram

Top Quizzes Today


Score Distribution

Your Account Isn't Verified!

In order to create a playlist on Sporcle, you need to verify the email address you used during registration. Go to your Sporcle Settings to finish the process.

Report this User

Report this user for behavior that violates our Community Guidelines.

Details: